| 000 | 00909nac a22002417a 4500 | ||
|---|---|---|---|
| 001 | BR7303320 | ||
| 003 | BR-BrBNA | ||
| 005 | 20240105113511.0 | ||
| 008 | 230509b bl.|||m| |||| 00| 0 por d | ||
| 040 |
_aBR-BrBNA _bpor _cBiblioteca Nacional de Agricultura |
||
| 072 | _aF00; E70 | ||
| 090 | _a2110 BR7303320 | ||
| 110 | 1 |
_aComissao Executiva do Plano de Recuperacao Economico-Rural da Lavoura Cacaueira, Rio de Janeiro, GB (Brasil) _92147 |
|
| 245 | 1 | _aAnuario estatistico do cacau 1972 [Producao; Comercializacao; Exportacao; Brasil] | |
| 260 | 3 |
_aRio de Janeiro, GB (Brasil): _c1972. |
|
| 300 | _a195 p. | ||
| 490 |
_aAnuario Estatistico do Cacau - Comissao Executiva do Plano de Recuperacao Economico-Rural da Lavoura Cacaueira (Brazil) _v _x |
||
| 500 | _aNumerical data | ||
| 650 | _aCACAU | ||
| 650 | _aEXPORTACAO | ||
| 909 |
_a202312 _bLúcia Elande _c55 _dLúcia Elande |
||
| 942 |
_2AGRIS _n0 _cMS |
||
| 999 |
_c264086 _d264086 |
||